000 00537nam a2200217Ia 4500
003 OSt
005 20220928135546.0
006 a|||||r|||| 00| 0
007 ta
008 220927b |||||||| |||| 00| 0 eng d
024 _a3087
037 _cTextual
040 _aSDCL
_cSDCL
_beng
041 _2eng
_aeng
082 _aX:5171, L7
100 _aWilliam Frances Ed.
_9491481
245 0 _aWhy the poor pay more?
260 _c1977
942 _hX:5171, L7
_cTEXL
_2CC
999 _c806881
_d806881